000 00411nam a22001697a 4500
003 MACL
005 20151226115324.0
008 151226b xxu||||| |||| 00| 0 eng d
040 _cMACL
041 _aEnglish
082 _a891/CHA
100 _aChaudhuri Narayan
_98437
245 _aMaharhi Deendranath Tagore
260 _aKolkata
_bSahitya Akademi
_c2010
650 _aLiterature
_922714
942 _2ddc
_cBK
999 _c51847
_d51847